[Event "AUTO-OPEN-3260"]
[Site "http://www.queenalice.com/game.php?id=1284395"]
[Date "2014.5.27"]
[Round "1"]
[White "osvaldoolimpio"]
[Black "TITAN10"]
[Result "1-0"]
[WhiteElo "1555"]
[BlackElo "1766"]

1. e4 c5 2. Nf3 d6 3. Bc4 Bg4 4. Nc3 e6 5. O-O Nc6 6. h3 Bh5 7. Qe1 Bxf3 8. gxf3
Qh4 9. Kh2 Be7 10. Qe3 a6 11. Rg1 Bf6 12. Rg4 Be5+ 13. f4 Bd4 14. Rxh4 Bxe3 15.
fxe3 b5 16. Be2 Nge7 17. a3 Kd7 18. b3 f5 19. Bb2 h6 20. Rg1 g6 21. e5 d5 22. d3
d4 23. Nd1 Rag8 24. e4 a5 25. c3 b4 26. axb4 dxc3 27. Nxc3 cxb4 28. Nb5 Nc8 29.
exf5 exf5 30. Nd4 Nxd4 31. Bxd4 Ke6 32. Ra1 Kd5 33. Bb2 g5 34. fxg5 hxg5 35. Rh5
Rxh5 36. Bxh5 g4 37. Bf7+ 1-0

[Event "AUTO-OPEN-3260"]
[Site "http://www.queenalice.com/game.php?id=1284408"]
[Date "2014.5.27"]
[Round "1"]
[White "TheBigSid"]
[Black "osvaldoolimpio"]
[Result "1-0"]
[WhiteElo "2184"]
[BlackElo "1568"]

1. d4 d5 2. c4 Nf6 3. e3 c6 4. Nf3 Bg4 5. Qb3 b6 6. Be2 Nbd7 7. O-O Rb8 8. Nc3
Qc7 9. cxd5 Nxd5 10. Nxd5 cxd5 11. Qxd5 Be6 12. Qb5 f6 13. Bd2 Rc8 14. Rfc1 Qb7
15. Rxc8+ Qxc8 16. Rc1 Qb7 17. Bc4 Bxc4 18. Qxc4 b5 19. Qc7 Qxc7 20. Rxc7 a6 21.
Ra7 Nb8 22. Ra8 e6 23. Rxb8+ Kf7 24. Bb4 Rg8 25. Rxf8+ Rxf8 26. Bxf8 Kxf8 27.
Kf1 Ke7 28. Ke2 h5 29. Kd3 Kd6 30. Nd2 f5 31. b4 Kc6 32. Nb3 g5 33. Nc5 Kb6 34.
Nxe6 g4 35. Ng7 a5 36. a3 h4 37. Nxf5 a4 38. Nxh4 Kc6 39. e4 Kd6 40. f3 gxf3 41.
gxf3 Kc6 42. f4 Kd6 43. f5 Ke7 44. e5 Kf7 45. d5 Ke7 46. f6+ Kf8 47. e6 Ke8 48.
d6 Kf8 49. Ng6+ Ke8 50. f7+ Kd8 51. f8=Q# 1-0

[Event "AUTO-OPEN-3260"]
[Site "http://www.queenalice.com/game.php?id=1284409"]
[Date "2014.5.27"]
[Round "1"]
[White "osvaldoolimpio"]
[Black "TheBigSid"]
[Result "0-1"]
[WhiteElo "1570"]
[BlackElo "2158"]

1. e4 e6 2. d4 d5 3. e5 c5 4. Nf3 cxd4 5. Nxd4 Nc6 6. Nf3 Bc5 7. Be3 Bxe3 8.
fxe3 Qb6 9. Qc1 Nge7 10. c3 Ng6 11. b3 Ngxe5 12. h3 O-O 13. Be2 Bd7 14. Qd2 Rac8
15. O-O Nxf3+ 16. Bxf3 Ne5 17. Rf2 Nxf3+ 18. Rxf3 Qc5 19. b4 Qc4 20. Na3 Qxc3
21. Qxc3 Rxc3 22. e4 Rxf3 23. gxf3 dxe4 24. fxe4 Bc6 25. Re1 a6 26. e5 Rd8 27.
Nc2 Rd2 28. Rc1 Rg2+ 29. Kf1 Rh2 30. a4 Rh1+ 31. Ke2 Rxc1 32. Nd4 Rc4 33. Nxc6
bxc6 34. Kd3 Rxb4 35. h4 Rxh4 36. Kc3 Rxa4 37. Kb3 Rd4 38. Kc3 c5 39. Kb3 h5 40.
Ka3 h4 41. Kb2 h3 42. Kc1 h2 43. Kc2 h1=Q 44. Kb2 Qf3 45. Kc2 Qd1+ 46. Kc3 Qd2+
47. Kb3 Rb4+ 48. Ka3 Qb2# 0-1

[Event "AUTO-ADV-3199"]
[Site "http://www.queenalice.com/game.php?id=1296802"]
[Date "2014.7.23"]
[Round "1"]
[White "robertson"]
[Black "osvaldoolimpio"]
[Result "1-0"]
[WhiteElo "1761"]
[BlackElo "1631"]

1. e4 e5 2. a3 Nc6 3. c3 Nf6 4. d3 Bc5 5. h3 d5 6. b4 Bb6 7. Nd2 Be6 8. Qf3 d4
9. c4 a5 10. c5 Ba7 11. Qd1 b6 12. Qa4 Bd7 13. cxb6 Bxb6 14. b5 Na7 15. Ngf3
Bxb5 16. Qc2 O-O 17. Nxe5 Qe7 18. Ndf3 c5 19. Qb2 Bc7 20. Ng4 Rab8 21. Qc2 a4
22. Bg5 Ba5+ 23. Nd2 Nc6 24. Be2 h6 25. Bh4 Ne5 26. Nxe5 Qxe5 27. Bg3 Qg5 28.
Rd1 Rbc8 29. O-O Nh5 30. Nf3 Qf6 31. Bh4 g5 32. Bg3 Nf4 33. Nh2 h5 34. f3 Bc3
35. Rb1 Rb8 36. Rfd1 1-0

[Event "AUTO-ADV-3199"]
[Site "http://www.queenalice.com/game.php?id=1296803"]
[Date "2014.7.23"]
[Round "1"]
[White "osvaldoolimpio"]
[Black "robertson"]
[Result "0-1"]
[WhiteElo "1620"]
[BlackElo "1772"]

1. e4 e5 2. d4 Nc6 3. d5 Nb8 4. Nf3 Bd6 5. Nc3 a6 6. Bg5 f6 7. Bh4 Be7 8. Bc4 d6
9. O-O Qd7 10. a4 c6 11. b4 g5 12. Bg3 h5 13. h3 g4 14. hxg4 Qxg4 15. Nh4 Qg5
16. Nf3 Qg7 17. Be2 Bg4 18. Nh4 Nh6 19. f4 Bxe2 20. Nxe2 Bd8 21. c4 Nd7 22. f5
Ng4 23. Bf2 Rg8 24. a5 Nxf2 25. Rxf2 Qg4 26. g3 Qxe4 27. Rc1 Qg4 28. Ng6 Nf8 29.
Rg2 Qxf5 30. Nh4 Qh7 31. Nc3 Rg4 32. Qf1 Bc7 33. Nf5 O-O-O 0-1

[Event "AUTO-ADV-3199"]
[Site "http://www.queenalice.com/game.php?id=1296818"]
[Date "2014.7.23"]
[Round "1"]
[White "qxr"]
[Black "osvaldoolimpio"]
[Result "1-0"]
[WhiteElo "1758"]
[BlackElo "1642"]

1. d4 e6 2. e4 d5 3. Nd2 Nc6 4. Ngf3 Bb4 5. c3 Ba5 6. e5 Nge7 7. Be2 h6 8. b4
Bb6 9. O-O f6 10. Nh4 Rg8 11. Bh5+ g6 12. Bf3 fxe5 13. Nb3 g5 14. Bh5+ Kd7 15.
Nf3 e4 16. Nfd2 Nf5 17. Re1 e5 18. dxe5 Nxe5 19. c4 Nd3 20. Re2 Bxf2+ 21. Kh1
Ne3 22. Nc5+ Nxc5 23. Rxe3 Bxe3 24. bxc5 c6 25. Nb3 Bxc1 26. Rxc1 Kc7 27. cxd5
cxd5 28. Nd4 Bd7 29. c6 bxc6 30. Nb5+ Kc8 31. Nd4 Qf6 32. Be2 1-0

[Event "AUTO-ADV-3199"]
[Site "http://www.queenalice.com/game.php?id=1296819"]
[Date "2014.7.23"]
[Round "1"]
[White "osvaldoolimpio"]
[Black "qxr"]
[Result "0-1"]
[WhiteElo "1610"]
[BlackElo "1769"]

1. e4 d5 2. d4 dxe4 3. Nc3 Nf6 4. d5 c6 5. Bc4 b5 6. Bb3 Bb7 7. Bf4 cxd5 8. Nxb5
Qa5+ 9. Nc3 e6 10. Ne2 Nbd7 11. Ba4 Qb6 12. Rb1 Ng4 13. Nd4 Be7 14. Bxd7+ Kxd7
15. O-O Bf6 16. Na4 Qa5 17. Nc3 Ba6 18. b4 Qb6 19. Na4 Qd8 20. Nc5+ Ke8 21. Nxa6
Qb6 22. b5 Nxf2 23. Rxf2 Bxd4 24. Nc7+ Kd7 25. Qe2 Bxf2+ 26. Qxf2 Qxf2+ 27. Kxf2
Rag8 28. a4 Rc8 29. Ke3 f6 0-1

[Event "AUTO-ADV-3199"]
[Site "http://www.queenalice.com/game.php?id=1296828"]
[Date "2014.7.23"]
[Round "1"]
[White "clovis"]
[Black "osvaldoolimpio"]
[Result "1-0"]
[WhiteElo "2020"]
[BlackElo "1563"]

1. e4 e5 2. Bc4 Nf6 3. Nc3 c6 4. Nf3 d5 5. exd5 cxd5 6. Bb5+ Nc6 7. Nxe5 Qe7 8.
O-O Qxe5 9. Re1 Ne4 10. d3 Bd6 11. f4 Bc5+ 12. Kf1 Qf5 13. dxe4 dxe4 14. Rxe4+
Be6 15. Re5 Qg6 16. Rxc5 O-O 17. Bxc6 Rfd8 18. Bd5 Qf5 19. Qd3 Qxd3+ 20. cxd3 b6
21. Bxa8 bxc5 22. Bf3 Rxd3 23. Ke2 c4 24. Be3 a6 25. Rd1 Rxd1 26. Kxd1 f5 27.
Bd5 Bxd5 28. Nxd5 Kf7 29. Nb6 Kf6 30. Nxc4 h6 31. b4 1-0

[Event "AUTO-ADV-3199"]
[Site "http://www.queenalice.com/game.php?id=1296829"]
[Date "2014.7.23"]
[Round "1"]
[White "osvaldoolimpio"]
[Black "clovis"]
[Result "0-1"]
[WhiteElo "1567"]
[BlackElo "2016"]

1. e4 e5 2. Nf3 Nc6 3. c3 Nf6 4. d3 Bc5 5. Bg5 O-O 6. d4 exd4 7. cxd4 Bb4+ 8.
Nc3 Re8 9. e5 d6 10. Bb5 dxe5 11. dxe5 Bg4 12. Qxd8 Raxd8 13. O-O Bxf3 14. gxf3
Bxc3 15. bxc3 Rxe5 16. Bxf6 gxf6 17. Bxc6 bxc6 18. f4 Re2 19. Rfe1 Rdd2 20. Rf1
Rxa2 21. Kg2 Rxf2+ 22. Rxf2 Rxa1 23. Kg3 a5 24. Kf3 a4 25. Ke3 a3 26. Kd3 a2 27.
Rb2 Rd1+ 28. Rd2 a1=Q 29. Rxd1 Qxd1+ 0-1

[Event "AUTO-OPEN-3295"]
[Site "http://www.queenalice.com/game.php?id=1296864"]
[Date "2014.7.24"]
[Round "1"]
[White "Rafvanmar"]
[Black "osvaldoolimpio"]
[Result "1-0"]
[WhiteElo "2438"]
[BlackElo "1571"]

1. d4 d5 2. c4 Nf6 3. Nc3 Bf5 4. Qb3 b6 5. cxd5 Ne4 6. f3 Nxc3 7. bxc3 g6 8. e4
Bd7 9. Bc4 e6 10. dxe6 Bxe6 11. Bxe6 fxe6 12. Qxe6+ Qe7 13. Qc8+ Kf7 14. Qb7 Qd6
15. Qxa8 Nc6 16. Ne2 1-0

[Event "AUTO-OPEN-3295"]
[Site "http://www.queenalice.com/game.php?id=1296865"]
[Date "2014.7.24"]
[Round "1"]
[White "osvaldoolimpio"]
[Black "Rafvanmar"]
[Result "0-1"]
[WhiteElo "1569"]
[BlackElo "2439"]

1. e4 g6 2. d4 Bg7 3. Nf3 d6 4. Nc3 c6 5. Bc4 b5 6. Bb3 a5 7. a4 b4 8. Ne2 Nf6
9. Ng5 O-O 10. O-O h6 11. e5 dxe5 12. Nf3 exd4 13. Nexd4 c5 14. Ne2 Ba6 15. c4
bxc3 16. bxc3 Qxd1 17. Bxd1 Nc6 18. Be3 Rfd8 0-1

[Event "AUTO-OPEN-3295"]
[Site "http://www.queenalice.com/game.php?id=1296892"]
[Date "2014.7.24"]
[Round "1"]
[White "osvaldoolimpio"]
[Black "clovis"]
[Result "0-1"]
[WhiteElo "1565"]
[BlackElo "2018"]

1. e4 e5 2. Nf3 Nc6 3. c3 Nf6 4. d3 d5 5. exd5 Qxd5 6. Be2 Bf5 7. d4 exd4 8.
cxd4 Bb4+ 9. Nc3 O-O 10. O-O Bxc3 11. bxc3 Rad8 12. Bd3 Bxd3 13. Qxd3 Na5 14.
Ng5 h6 15. Nf3 c5 16. Nd2 cxd4 17. cxd4 Qxd4 18. Qxd4 Rxd4 19. Nb3 Nxb3 20. axb3
Re8 21. Be3 Rd3 22. b4 a6 23. Rfe1 Nd5 24. Bc5 Rxe1+ 25. Rxe1 Rb3 26. g3 Nxb4
27. Re8+ Kh7 28. Re7 Nd3 29. Bd4 Kg6 30. Re3 b5 0-1

[Event "AUTO-OPEN-3295"]
[Site "http://www.queenalice.com/game.php?id=1296893"]
[Date "2014.7.24"]
[Round "1"]
[White "clovis"]
[Black "osvaldoolimpio"]
[Result "1-0"]
[WhiteElo "2081"]
[BlackElo "1561"]

1. e4 e5 2. Bc4 Nf6 3. Nc3 c6 4. Nf3 d5 5. exd5 Nxd5 6. Nxe5 Be6 7. O-O Nd7 8.
Re1 N7f6 9. Nxd5 cxd5 10. Bb5+ Ke7 11. b3 Qb6 12. c4 Rd8 13. Ba3+ Rd6 14. Ba4
Qd4 15. cxd5 Qxd5 16. Rc1 Kd8 17. Bxd6 Bxd6 18. d4 Ke7 19. Rc4 Rc8 20. Rxc8 Ne4
21. Re8+ Kf6 22. Qf3+ Bf5 23. g4 g6 24. gxf5 1-0

[Event "AUTO-OPEN-3295"]
[Site "http://www.queenalice.com/game.php?id=1296894"]
[Date "2014.7.24"]
[Round "1"]
[White "osvaldoolimpio"]
[Black "RobertD"]
[Result "0-1"]
[WhiteElo "1575"]
[BlackElo "2028"]

1. e4 e5 2. Nf3 Nc6 3. Nc3 Nf6 4. Bc4 h6 5. O-O Be7 6. d4 exd4 7. Nxd4 O-O 8.
Be3 Ne5 9. Bb3 c6 10. a3 d6 11. Nf5 Bxf5 12. exf5 d5 13. Ne2 Bd6 14. Nf4 Bc7 15.
f3 Qd6 16. c3 b6 17. g3 g5 18. Nh3 c5 19. Nf2 Rad8 20. a4 Qc6 21. f4 gxf4 22.
Bxf4 d4 23. Bxh6 Nf3+ 24. Kg2 Ne1+ 25. Kh3 Qg2+ 26. Kh4 Nf3+ 27. Qxf3 Qxf3 28.
Bd1 Qg2 29. Ng4 Nxg4 30. Bxg4 Qxh2+ 31. Kg5 f6+ 32. Kg6 Rf7 33. Rh1 Qxb2 34.
cxd4 Rxd4 0-1

[Event "AUTO-OPEN-3295"]
[Site "http://www.queenalice.com/game.php?id=1296895"]
[Date "2014.7.24"]
[Round "1"]
[White "RobertD"]
[Black "osvaldoolimpio"]
[Result "1-0"]
[WhiteElo "2030"]
[BlackElo "1573"]

1. e4 e5 2. Bc4 Nf6 3. Nf3 Nc6 4. O-O d5 5. exd5 Nxd5 6. Nc3 Be6 7. Nxd5 Bxd5 8.
Bxd5 Qxd5 9. Re1 O-O-O 10. d3 f6 11. c4 Qc5 12. Qc2 Nd4 13. Nxd4 exd4 14. Bd2
Bd6 15. b4 Qh5 16. h3 Rhe8 17. c5 Be5 18. Qa4 Kb8 19. f4 Rf8 20. fxe5 fxe5 21.
Qd1 Rf5 22. Qxh5 Rxh5 23. Re4 c6 24. Rae1 Re8 25. Rxd4 Kc8 26. Rde4 Kd7 27. d4
Ke6 28. Rxe5+ Rxe5 29. Rxe5+ Kf7 30. Rxe8 Kxe8 31. Kf2 Ke7 32. Kf3 Ke6 33. Ke4
g5 34. Bxg5 b6 35. cxb6 1-0

[Event "AUTO-INT-2883"]
[Site "http://www.queenalice.com/game.php?id=1297172"]
[Date "2014.7.25"]
[Round "1"]
[White "osvaldoolimpio"]
[Black "tango2011"]
[Result "0-1"]
[WhiteElo "1600"]
[BlackElo "1665"]

1. e4 c5 2. Bc4 d6 3. Nf3 e6 4. c3 Nf6 5. d3 Be7 6. h3 O-O 7. a3 d5 8. Bb3 b5 9.
Be3 c4 10. dxc4 bxc4 11. Bc2 Nc6 12. O-O dxe4 13. Nd4 Bb7 14. Nd2 Nxd4 15. cxd4
Ba6 16. Nxe4 Bb5 17. a4 Bc6 18. Nc5 Qd5 19. f3 Rab8 20. b3 h6 21. Rb1 Qd6 22.
bxc4 Bd7 23. Rxb8 Rxb8 24. Qd3 Bc6 25. Rb1 a5 26. Ne4 Nxe4 0-1

[Event "AUTO-INT-2883"]
[Site "http://www.queenalice.com/game.php?id=1297173"]
[Date "2014.7.25"]
[Round "1"]
[White "tango2011"]
[Black "osvaldoolimpio"]
[Result "1-0"]
[WhiteElo "1678"]
[BlackElo "1587"]

1. d4 d5 2. e3 Bf5 3. Nf3 Nc6 4. Bb5 f6 5. O-O a6 6. Bxc6+ bxc6 7. b3 e6 8. Nbd2
Bd6 9. c4 Be7 10. c5 Nh6 11. Nh4 O-O 12. Qf3 Bg4 13. Qg3 f5 14. Nhf3 Bf6 15. h3
Bxf3 16. Nxf3 g5 17. Nxg5 Bxg5 18. h4 Ng4 19. hxg5 Qxg5 20. f4 Qh5 21. Qh3 Qxh3
22. gxh3 Nf6 23. Kh2 Ne4 24. Rg1+ Kf7 25. Bb2 Rg8 26. b4 Rab8 27. a3 Nd2 28.
Rgf1 1-0

[Event "AUTO-INT-2883"]
[Site "http://www.queenalice.com/game.php?id=1297174"]
[Date "2014.7.25"]
[Round "1"]
[White "osvaldoolimpio"]
[Black "Manoeljoaquim"]
[Result "1-0"]
[WhiteElo "1624"]
[BlackElo "1690"]

1. e4 e5 2. Nf3 Nf6 3. Bc4 Bc5 4. Nc3 c6 5. Nxe5 O-O 6. O-O d6 7. Nd3 Bb6 8. h3
Be6 9. Bxe6 fxe6 10. Nf4 Qd7 11. d4 Nxe4 12. Nxe4 Na6 13. c3 d5 14. Ng5 Nc7 15.
a4 Qe7 16. h4 Rf5 17. g4 Rxg5 18. hxg5 Qxg5 19. Nxe6 Qh4 20. Bg5 Qh3 21. Nf4 1-0

[Event "AUTO-INT-2883"]
[Site "http://www.queenalice.com/game.php?id=1297175"]
[Date "2014.7.25"]
[Round "1"]
[White "Manoeljoaquim"]
[Black "osvaldoolimpio"]
[Result "0-1"]
[WhiteElo "1710"]
[BlackElo "1604"]

1. e4 e5 2. Bc4 c6 3. d3 Nf6 4. Bg5 Be7 5. Nf3 d6 6. Nc3 Bg4 7. h3 Be6 8. Bxe6
fxe6 9. a3 Nbd7 10. Qe2 Qc7 11. Rb1 h6 12. Bd2 d5 13. exd5 exd5 14. b4 b5 15.
O-O g5 16. Nxg5 hxg5 17. Bxg5 O-O-O 18. a4 Rh5 19. axb5 Rxg5 20. bxc6 Qxc6 21.
Na2 d4 22. b5 Qxg2# 0-1